Southville International School and Colleges
Your cart is empty.
  • Cart
  • Lists
    Public lists Eva Luna New books Lux_list list_1
    Your lists Log in to create your own lists
  • Log in to your account
  • Your cookies
  • Search history
Southville International School and Colleges
  • Advanced search
  • Recent comments
  • Most popular
  • Libraries

Log in to your account

Log in with GOOGLE


If you do not have an external account, but do have a local account, you can still log in:

  1. Home
  2. MARC view: Enterprise systems for management /
Normal view MARC view ISBD view

Enterprise systems for management / (Record no. 288336)

[ view plain ]
MARC details
000 -LEADER
fixed length control field 00653cam a2200217 a 4500
003 - CONTROL NUMBER IDENTIFIER
control field SISC
005 - DATE AND TIME OF LATEST TRANSACTION
control field 20170117150357.0
008 - FIXED-LENGTH DATA ELEMENTS--GENERAL INFORMATION
fixed length control field 110217s2012 maua b 001 0 eng
010 ## - LIBRARY OF CONGRESS CONTROL NUMBER
LC control number 2011007275
020 ## - INTERNATIONAL STANDARD BOOK NUMBER
International Standard Book Number 9780132570169
050 00 - LIBRARY OF CONGRESS CALL NUMBER
Classification number HD 30.213
Item number .M67 2012
100 1# - MAIN ENTRY--PERSONAL NAME
Personal name Motiwalla, Luvai F.
245 10 - TITLE STATEMENT
Title Enterprise systems for management /
Statement of responsibility, etc Luvai F. Motiwalla and Jeff Thompson.
250 ## - EDITION STATEMENT
Edition statement 2nd edition.
260 ## - PUBLICATION, DISTRIBUTION, ETC. (IMPRINT)
Place of publication, distribution, etc Boston :
Name of publisher, distributor, etc Pearson,
Date of publication, distribution, etc 2012.
300 ## - PHYSICAL DESCRIPTION
Extent 383 pages :
Other physical details illustrations ;
Dimensions 24 cm.
500 ## - GENERAL NOTE
General note Includes index.
650 #0 - SUBJECT ADDED ENTRY--TOPICAL TERM
Topical term or geographic name as entry element Management information systems.
700 1# - ADDED ENTRY--PERSONAL NAME
Personal name Thompson, Jeffrey.
Dates associated with a name 1953-
942 ## - ADDED ENTRY ELEMENTS (KOHA)
Source of classification or shelving scheme Library of Congress Classification
Koha item type Books
Call number prefix Foreign
Holdings
Withdrawn status Lost status Source of classification or shelving scheme Damaged status Home library Current library Shelving location Date acquired Source of acquisition Cost, normal purchase price Sub Shelving location Total Checkouts Full call number Barcode Date last seen Date checked out Price effective from Koha item type
    Library of Congress Classification   College Library College Library Reserve Section 08/05/2015 Library Fund 5148.00   1 HD 30.213 .M67 2012 C19657 02/01/2021 01/20/2021 08/05/2015 Books

Enterprise systems for management /

APA

Motiwalla L. F., Thompson J., . (2012). Enterprise systems for management. Boston: Pearson.

Chicago

Motiwalla Luvai F, Thompson Jeffrey, . 2012. Enterprise systems for management. Boston: Pearson.

Harvard

Motiwalla L. F., Thompson J., . (2012). Enterprise systems for management. Boston: Pearson.

MLA

Motiwalla Luvai F, Thompson Jeffrey, . Enterprise systems for management. Boston: Pearson. 2012.

  • Place hold
  • Print
  • Cite
  • Add to your cart (remove)
  • Save record
    BIBTEX Dublin Core MARCXML MARC (non-Unicode/MARC-8) MARC (Unicode/UTF-8) MARC (Unicode/UTF-8, Standard) MODS (XML) RIS
  • More searches
    Search for this title in:
    Other Libraries (WorldCat) Other Databases (Google Scholar) Online Stores (Bookfinder.com) Open Library (openlibrary.org)

Exporting to Dublin Core...

SOUTHVILLE LIBRARY

Southville International School and Colleges Library

1281 Tropical Ave. Cor. Luxembourg St., BF Homes International, Las Pinas City

Tel. No. 8256374 / 252358 Loc. 117/146

Powered by Koha